| 000 | 01181nam a2200325 i 4500 | ||
|---|---|---|---|
| 003 | DO-SdBPM | ||
| 005 | 20250210105507.0 | ||
| 007 | ta | ||
| 008 | 230706b2023 dr a | 00| 0 spa d | ||
| 020 | _a9789945612431 | ||
| 040 |
_aDO-SdBPM _bspa _cBPMSU _erda |
||
| 082 | 4 |
_a808.88 _bA634l 2023 _222 |
|
| 245 | 0 | 0 |
_aAntología de literatura infantil / _ccompilación Farah Hallal _b |
| 264 |
_aSanto Domingo, República Dominicana : _bOrganización de Estado Iberoamericanos, _c2023 |
||
| 300 |
_a104 páginas : _bilustraciones ; _c21 cm. |
||
| 336 |
_2rdacontent _atexto _btxt |
||
| 337 |
_2rdamedia _asin mediación _bn |
||
| 338 |
_2rdacarrier _avolumen _bnc |
||
| 490 | 0 | _aPalabras te trae el río | |
| 590 | _aInventariado, 2025/VM | ||
| 650 | 4 | _aCuentos infantiles dominicanos | |
| 650 | 4 |
_aPoesías infantiles dominicanas _v |
|
| 650 | 4 | _aLiteratura infantil dominicana | |
| 650 | 4 |
_aLiteratura infantil _xEnseñanza |
|
| 650 | z |
_aDominican children’s stories _vCollections |
|
| 700 | 1 |
_aHallal, Farah _ecompiladora |
|
| 710 | 1 |
_aRepública Dominicana. _bOrganización de Estados Iberoamericanos |
|
| 910 | _aVMateo V. Control de Calidad. BPMSU | ||
| 942 |
_2lcc _cBK |
||
| 999 |
_c14935 _d14935 |
||